| 000 | 00673nam a22001817a 4500 | ||
|---|---|---|---|
| 008 | 160906b xxu||||| |||| 00| 0 eng d | ||
| 020 | _a971-06-1998-5 | ||
| 082 |
_22003 _aDFil 577 _bD34e |
||
| 100 |
_914201 _aDeauna, Melecio C. |
||
| 245 |
_aEnvironmental science: _bfor Philippine schools: textbook/ _cMelecio C. Deauna; Salvacion Lindio-Dorado. |
||
| 260 |
_aQuezon City: _bPhoenix Publishing House, Inc., _cc2003. |
||
| 300 |
_ax, 309 pages: _billustrations; _c25 cm. |
||
| 500 | _aIncludes bibliographical references and index. | ||
| 650 | 0 |
_914202 _aEnvironmental sciences |
|
| 650 | 0 |
_914204 _aEcology |
|
| 700 |
_914205 _aDorado, Salvacion Lindio |
||
| 942 |
_2ddc _cDFIL |
||
| 999 |
_c4389 _d4389 |
||